<?xml version="1.0" encoding="UTF-8"?>
<record
    xmlns:xsi="http://www.w3.org/2001/XMLSchema-instance"
    xsi:schemaLocation="http://www.loc.gov/MARC21/slim http://www.loc.gov/standards/marcxml/schema/MARC21slim.xsd"
    xmlns="http://www.loc.gov/MARC21/slim">

  <leader>00584nam a2200193Ia 4500</leader>
  <controlfield tag="003">OSt</controlfield>
  <controlfield tag="005">20260318164337.0</controlfield>
  <controlfield tag="008">210719s2005    xx            000 0 und d</controlfield>
  <datafield tag="040" ind1=" " ind2=" ">
    <subfield code="c">AL</subfield>
  </datafield>
  <datafield tag="041" ind1=" " ind2=" ">
    <subfield code="a">Konkani</subfield>
  </datafield>
  <datafield tag="082" ind1=" " ind2=" ">
    <subfield code="a">891.463 ALVK</subfield>
  </datafield>
  <datafield tag="100" ind1=" " ind2=" ">
    <subfield code="a">ALVARIS (Jo Sa)</subfield>
    <subfield code="d"> &#xC86;&#xCB2;&#xCCD;&#xCB5;&#xCBE;&#xCB0;&#xCBF;&#xCB8;&#xCCD; (&#xC9C;&#xCCA; &#xCB8;&#xCBE;) </subfield>
    <subfield code="9">258904</subfield>
  </datafield>
  <datafield tag="245" ind1=" " ind2=" ">
    <subfield code="a">Kamalachem ghar bharlalo ajo</subfield>
    <subfield code="b">&#xC95;&#xCAE;&#xCB2;&#xCBE;&#xC9A;&#xCC6;&#xC82; &#xC98;&#xCB0;&#xCCD; &#xCAD;&#xCB0;&#xCCD;&#xCB2;&#xCCA;&#xCB2;&#xCCA; &#xC86;&#xC9C;&#xCCA; </subfield>
  </datafield>
  <datafield tag="260" ind1=" " ind2=" ">
    <subfield code="a">Manglur</subfield>
    <subfield code="b">Konkani Samstho.</subfield>
    <subfield code="c">2005</subfield>
  </datafield>
  <datafield tag="300" ind1=" " ind2=" ">
    <subfield code="a">268</subfield>
    <subfield code="b">PB</subfield>
  </datafield>
  <datafield tag="365" ind1=" " ind2=" ">
    <subfield code="b">50</subfield>
    <subfield code="c">Rs</subfield>
  </datafield>
  <datafield tag="650" ind1=" " ind2=" ">
    <subfield code="a">Konkani Fiction</subfield>
    <subfield code="9">258905</subfield>
  </datafield>
  <datafield tag="942" ind1=" " ind2=" ">
    <subfield code="2">ddc</subfield>
    <subfield code="c">BK</subfield>
  </datafield>
  <datafield tag="999" ind1=" " ind2=" ">
    <subfield code="c">214018</subfield>
    <subfield code="d">214018</subfield>
  </datafield>
  <datafield tag="952" ind1=" " ind2=" ">
    <subfield code="0">0</subfield>
    <subfield code="1">0</subfield>
    <subfield code="2">ddc</subfield>
    <subfield code="4">0</subfield>
    <subfield code="7">0</subfield>
    <subfield code="8">KON</subfield>
    <subfield code="a">AL</subfield>
    <subfield code="b">AL</subfield>
    <subfield code="d">2006-04-10</subfield>
    <subfield code="e">Konkani Samstho, Manglur</subfield>
    <subfield code="g">50.00</subfield>
    <subfield code="l">1</subfield>
    <subfield code="o">891.463 ALVK</subfield>
    <subfield code="p">D02627</subfield>
    <subfield code="r">2026-05-19 08:37:50</subfield>
    <subfield code="s">2026-05-12</subfield>
    <subfield code="w">2021-07-19</subfield>
    <subfield code="y">DB</subfield>
  </datafield>
</record>
